Normal view MARC view

Entry Nombre personal

Number of records used in: 1

001 - NÚMERO DE CONTROL

  • campo de control: 234956

003 - IDENTIFICADOR DE NÚMERO DE CONTROL

  • campo de control: SpMaBN

005 - FECHA Y HORA DE LA ÚLTIMA TRANSACCIÓN

  • campo de control: 20240126183950.0

008 - ELEMENTOS DE DATO DE LONGITUD-FIJA

  • campo de control de longitud fija: 131108n|#azznnaabn |n aaa ##

010 ## - NÚMERO DE CONTROL DE LA BIBLIOTECA DEL CONGRESO

  • Número de control de LC: XX5343425

024 7# - IDENTIFICADOR DE OTROS ESTÁNDARES

  • Número estándar o código: https://isni.org/isni/0000000443349034
  • Fuente: isni

024 7# - IDENTIFICADOR DE OTROS ESTÁNDARES

  • Número estándar o código: http://viaf.org/viaf/3151050052233412946/
  • Fuente: viaf

040 ## - FUENTE DE CATALOGACIÓN

  • Centro catalogador/agencia de origen: SpMaBN
  • Lengua de catalogación: spa
  • Centro/agencia transcriptor: SpMaBN
  • Normas de descripción: rdc
  • Convención/Normas de encabezamiento de materia/tesauro: embne

100 1# - ENCABEZAMIENTO-NOMBRE DE PERSONA

  • Nombre de persona: Armengol Royo, Marta

374 ## - OCUPACIÓN

  • Ocupación: Traductores

375 ## - GÉNERO/SEXO

  • Género: Femenino

377 ## - IDIOMA ASOCIADO

  • Código del idioma: spa
  • Término de lengua/lenguaje: Español

400 1# - TRAZADO DE VÉASE--NOMBRE DE PERSONA

  • Nombre de persona: Armengol, Marta

670 ## - FUENTE DE DATOS ENCONTRADOS

  • Cita de la fuente: Ochenta melodías de pasión en ámbar, 2013
  • Información encontrada: port. (traducción, Marta Armengol Royo)

670 ## - FUENTE DE DATOS ENCONTRADOS

  • Cita de la fuente: El príncep gripau, 2016
  • Información encontrada: v. de port. (traducció, Marta Armengol)

670 ## - FUENTE DE DATOS ENCONTRADOS

  • Cita de la fuente: WWW LinkedIn de la autor, 11-11-2014
  • Información encontrada: (Marta Armengol Royo; guionista y traductora)
  • Identificador Uniforme de Recursos: http://es.linkedin.com/pub/marta-armengol-royo/99/435/581